Loading...
Ramacharithathil ninnu mahabharathathilekku. /
| Main Author: | |
|---|---|
| Format: | Printed Book |
| Language: | Malayalam |
| Subjects: |
| LEADER | 00412nam a2200121Ia 4500 | ||
|---|---|---|---|
| 008 | 150623b ii ||||| |||| 00| e mal d | ||
| 082 | |a 854.1 | ||
| 100 | |a Purushothaman Nair. | ||
| 245 | |a Ramacharithathil ninnu mahabharathathilekku. / | ||
| 650 | |v Essays | ||
| 942 | |c BK | ||
| 999 | |c 62779 |d 62779 | ||
| 952 | |0 0 |1 0 |4 0 |6 854_100000000000000_PUR_R_M |7 0 |9 62756 |a UL |b UL |c ST1 |d 2012-10-27 |l 0 |o 854.1 PUR/R M |p G1750 |r 2012-10-27 |w 2012-10-27 |y BK | ||